01137nam a2200193Ia 4500001001100000003001000011008004100021040002500062041001300087100002700100245004600127250001100173260006700184300002700251500026000278501011400538520026000652650003100912L239-11070IT-CnALBA170116s9999||||xx |||||||||||||| ||und|| aIT-CnALBAcIT-CnALBA aITALIANO aTRICERRI DOMENICO, OP. 0aDIO NEL PENSIERO DEI GRANDI E DEI DOTTI.  a3a ed. aCINISELLO BALSAMO (MI)bEDIZIONI PAOLINEc1961 [1° Ed.: n.d.] a423 p. (prefazione: 5) aCATHOLICA. ESISTENZA DI DIO. TESTIMONIANZA DELLA STORIA. PRINCIPIO DI CAUSALITA'. MOTO UNIVERSALE. SUPREMO ORDINATORE. DEFINIZIONE DI DIO. ORIGINE DELLA VITA. EVOLUZIONISMO. CREAZIONE. PROVVIDENZA DI DIO. GOVERNO DEL MONDO. ATEISMO. AGNOSTICISMO. PANTEISM aSocietà San Paolo EM - Piazza San Paolo, 14 - 12051 ALBA (CN) (non commercial uses only) ® Copyright 2017 aCATHOLICA. ESISTENZA DI DIO. TESTIMONIANZA DELLA STORIA. PRINCIPIO DI CAUSALITA'. MOTO UNIVERSALE. SUPREMO ORDINATORE. DEFINIZIONE DI DIO. ORIGINE DELLA VITA. EVOLUZIONISMO. CREAZIONE. PROVVIDENZA DI DIO. GOVERNO DEL MONDO. ATEISMO. AGNOSTICISMO. PANTEISM aAPOLOGETICA E CONTROVERSIE